Noem de Nederlandse steden - Sudden death - Statistieken

Algemene statistieken
  • Deze quiz is 58 keer genomen
  • De gemiddelde score is 24 van 25
Answers on the Grid
Answers color-coded by a green-red scale on the quiz's grid according to % correct below.
Utrecht
Tienen
Eindhoven
Almere
Groningen
Tilburg
Namen
Nijmegen
Arnhem
Haarlem
Hilversum
Apeldoorn
Wenen
Maastricht
Enschede
Dordrecht
Rotterdam
Amstelveen
Delft
Zelzate
Amsterdam
Alkmaar
Leeuwarden
Leiden
Zoetermeer
Zwolle
Emmerik
Breda
Amersfoort
Den Haag
 
Antwoordstatistieken
Antwoord % Correct
Almere
100%
Amsterdam
100%
Arnhem
100%
Eindhoven
100%
Groningen
100%
Leeuwarden
100%
Maastricht
100%
Nijmegen
100%
Rotterdam
100%
Utrecht
100%
Alkmaar
95%
Amersfoort
95%
Amstelveen
95%
Apeldoorn
95%
Breda
95%
Den Haag
95%
Hilversum
95%
Dordrecht
95%
Enschede
95%
Haarlem
95%
Leiden
95%
Tilburg
95%
Zoetermeer
95%
Zwolle
95%
Delft
89%
Geen overeenkomende quizzen gevonden
Scoreverdeling
Procent van Mensen met Elke Score
Percentiel versus Aantal Correcte Antwoorden
Uw Scoregeschiedenis
U heeft deze quiz nog niet genomen